000
00290nam a22001337a 4500
008
181221b xxu||||| |||| 00| 0 eng d
020
_a
772747
041
_a
eng
080
_a
316
100
_a
50
101
_a
SOC
245
_a
Racial and Ethnic Groups
_c
Schaefer, R.T
942
_2
udc
_c
BK
999
_c
53620
_d
53620